[Event "37th Reykjavik op"]
[Site "Reykjavik ISL"]
[Date "2024.03.21"]
[Round "9.31"]
[White "Jin, Yueheng"]
[Black "Schliebener, Stephan"]
[WhiteElo "2404"]
[BlackElo "2088"]
[Result "1-0"]
[EventDate "2024.03.15"]
[PlyCount "131"]

1. d4 {[%eval 17,0]} Nf6 {[%eval 16,0]} 2. c4 {[%eval 16,0]} e6 {[%eval 21,0]}
3. g3 {[%eval 14,0]} Bb4+ {[%eval 23,0]} 4. Bd2 {[%eval 14,0]} Qe7 {[%eval 26,
0]} 5. Bg2 {[%eval 43,0]} O-O {[%eval 39,0]} 6. Nf3 {[%eval 33,0]} Bxd2+ {
[%eval 48,0]} 7. Qxd2 {[%eval 48,0]} d5 {[%eval 41,0]} 8. O-O {[%eval 44,0]} c6
{[%eval 41,0]} 9. Qc2 {[%eval 37,0]} Nbd7 {[%eval 34,0]} 10. Nbd2 {[%eval 38,0]
} b6 {[%eval 43,0]} 11. e4 {[%eval 37,0]} Nxe4 {[%eval 74,0]} 12. Nxe4 {
[%eval 64,0]} dxe4 {[%eval 69,0]} 13. Qxe4 {[%eval 7,0]} Bb7 {[%eval 8,0]} 14.
Rfe1 {[%eval 69,0]} h6 {[%eval 75,0]} 15. Rac1 {[%eval 54,0]} a5 {[%eval 81,0]}
16. Qe3 {[%eval 6,0]} a4 {[%eval 105,0]} 17. c5 {[%eval 106,0]} bxc5 {[%eval
144,0]} 18. dxc5 {[%eval 146,0]} Ra5 {[%eval 141,0]} 19. Qa3 $6 {[%eval 43,0]
Inaccuracy. Red1 was best.} (19. Red1 Nf6 20. Qa3 Rfa8 21. Nd2 Nd5 22. Ne4 R5a7
23. Nd6 Bc8 24. Rc4 Bd7 25. Re1 Qg5) 19... Rfa8 $6 {[%eval 146,0] Inaccuracy.
Rxc5 was best.} (19... Rxc5 20. Rc4) 20. Ne5 {[%eval 104,0]} Nxe5 {[%eval 145,
0]} 21. Rxe5 {[%eval 149,0]} Qc7 {[%eval 104,0]} 22. Re4 {[%eval 142,0]} Bc8 {
[%eval 162,0]} 23. Rd4 {[%eval 167,0]} Bd7 {[%eval 157,0]} 24. Rcc4 {[%eval
164,0]} e5 {[%eval 171,0]} 25. Rd6 {[%eval 163,0]} R5a6 {[%eval 209,0]} 26. Re4
{[%eval 208,0]} f6 {[%eval 181,0]} 27. Re2 {[%eval 193,0]} Be8 {[%eval 171,0]}
28. Red2 {[%eval 186,0]} Ra5 {[%eval 182,0]} 29. Be4 {[%eval 181,0]} Qa7 {
[%eval 243,0]} 30. Bxc6 {[%eval 231,0]} Bxc6 {[%eval 222,0]} 31. Rxc6 {[%eval
213,0]} Rb8 {[%eval 274,0]} 32. Qc3 {[%eval 272,0]} Rab5 {[%eval 272,0]} 33.
Qc4+ {[%eval 259,0]} Qf7 {[%eval 207,0]} 34. Qxa4 {[%eval 266,0]} Rxb2 {
[%eval 281,0]} 35. Rxb2 {[%eval 252,0]} Rxb2 {[%eval 242,0]} 36. Rc8+ $4 {
[%eval 28,0] Blunder. Qe4 was best.} (36. Qe4 Rb8 37. Rb6 Rc8 38. c6 Qe6 39.
Qc2 Kh8 40. a4 e4 41. Qc5 f5 42. a5 Kh7) 36... Kh7 {[%eval 31,0]} 37. Rd8 {
[%eval 0,0]} Rxa2 $4 {[%eval 294,0] Blunder. Qg6 was best.} (37... Qg6 38. Qc4
Qb1+ 39. Qf1 Qxf1+ 40. Kxf1 Rxa2 41. Ke1 Rc2 42. Rc8 Kg6 43. Kd1 Rc4 44. Kd2)
38. Qe4+ {[%eval 292,0]} f5 {[%eval 277,0]} 39. Qxe5 {[%eval 262,0]} Rc2 {
[%eval 308,0]} 40. h4 {[%eval 255,0]} Rc1+ {[%eval 248,0]} 41. Kh2 {[%eval 246,
0]} Rc2 {[%eval 203,0]} 42. Qd4 $4 {[%eval 2,0] Blunder. Kg1 was best.} (42.
Kg1) 42... Qc4 {[%eval 26,0]} 43. Qxc4 {[%eval 28,0]} Rxc4 {[%eval 37,0]} 44.
Rc8 {[%eval 8,0]} Kg6 {[%eval 13,0]} 45. Kg2 {[%eval 13,0]} Rc3 {[%eval 16,0]}
46. Rc7 {[%eval 1,0]} h5 {[%eval 16,0]} 47. c6 {[%eval 6,0]} Kf6 {[%eval 12,0]}
48. Rc8 {[%eval 14,0]} Ke6 {[%eval 18,0]} 49. f3 {[%eval 1,0]} Rc2+ {[%eval 16,
0]} 50. Kf1 {[%eval 22,0]} Kf6 $2 {[%eval 156,0] Mistake. f4 was best.} (50...
f4) 51. Ke1 {[%eval 156,0]} f4 {[%eval 171,0]} 52. gxf4 $2 {[%eval 15,0]
Mistake. c7 was best.} (52. c7) 52... Kg6 $4 {[%eval 493,0] Blunder. Ke6 was
best.} (52... Ke6) 53. c7 {[%eval 486,0]} Kh7 {[%eval 409,0]} 54. f5 {[%eval
545,0]} Rc4 {[%eval 504,0]} 55. Kd2 {[%eval 545,0]} Rc6 {[%eval 522,0]} 56. Kd3
{[%eval 522,0]} Rc1 {[%eval 557,0]} 57. Kd4 {[%eval 553,0]} Rc2 {[%eval 548,0]}
58. Ke5 {[%eval 546,0]} Rc3 {[%eval 534,0]} 59. Kf4 {[%eval 527,0]} Rc5 {
[%eval 635,0]} 60. Kg5 {[%eval 647,0]} Rc3 {[%eval 639,0]} 61. Kxh5 {[%eval
603,0]} Rc4 {[%eval 654,0]} 62. Kg5 {[%eval 648,0]} Rc5 {[%eval 647,0]} 63. Kg4
{[%eval 625,0]} Rc4+ {[%eval 597,0]} 64. Kg3 {[%eval 774,0]} Rc3 {[%eval 708,0]
} 65. h5 {[%eval 766,0]} Rc4 {[%eval 721,0]} 66. h6 {[%eval 713,0]} 1-0

[Event "37th Reykjavik op"]
[Site "Reykjavik ISL"]
[Date "2024.03.21"]
[Round "9.32"]
[White "Tania, Sachdev"]
[Black "Payne, Matthew J"]
[WhiteElo "2393"]
[BlackElo "2077"]
[Result "1-0"]
[EventDate "2024.03.15"]
[PlyCount "81"]

1. d4 {[%eval 17,0]} Nf6 {[%eval 16,0]} 2. c4 {[%eval 16,0]} g6 {[%eval 26,0]}
3. Nc3 {[%eval 31,0]} Bg7 {[%eval 7,0]} 4. e4 {[%eval 67,0]} d6 {[%eval 58,0]}
5. Bd3 {[%eval 51,0]} O-O {[%eval 5,0]} 6. Nge2 {[%eval 44,0]} Nc6 {[%eval 58,
0]} 7. O-O {[%eval 54,0]} Nd7 {[%eval 29,0]} 8. Bc2 {[%eval 35,0]} e5 {[%eval
33,0]} 9. d5 {[%eval 21,0]} Nd4 {[%eval 47,0]} 10. Nxd4 {[%eval 35,0]} exd4 {
[%eval 32,0]} 11. Nb5 {[%eval 28,0]} Ne5 {[%eval 32,0]} 12. Nxd4 {[%eval 28,0]}
Nxc4 {[%eval 43,0]} 13. Rb1 {[%eval 43,0]} Qf6 {[%eval 58,0]} 14. Ne2 {[%eval
6,0]} c6 {[%eval 78,0]} 15. b3 {[%eval 67,0]} Nb6 {[%eval 82,0]} 16. Bb2 {
[%eval 72,0]} Qe7 {[%eval 7,0]} 17. Bxg7 {[%eval 85,0]} Kxg7 {[%eval 77,0]} 18.
a4 {[%eval 29,0]} cxd5 {[%eval 26,0]} 19. a5 {[%eval 2,0]} Nd7 {[%eval 18,0]}
20. Qxd5 {[%eval 15,0]} f5 $6 {[%eval 107,0] Inaccuracy. Nf6 was best.} (20...
Nf6 21. Qd2 d5 22. exd5 Nxd5 23. Rfe1 Rd8 24. Rbd1 Be6 25. Nd4 Rac8 26. a6 bxa6
27. Bd3) 21. Rbd1 $6 {[%eval 43,0] Inaccuracy. Qd4+ was best.} (21. Qd4+) 21...
Nf6 {[%eval 61,0]} 22. Qxd6 {[%eval 54,0]} Qxd6 {[%eval 33,0]} 23. Rxd6 {
[%eval 33,0]} Nxe4 {[%eval 36,0]} 24. Bxe4 {[%eval 31,0]} fxe4 {[%eval 3,0]}
25. h3 {[%eval 38,0]} Rf6 {[%eval 71,0]} 26. Rd8 {[%eval 71,0]} b6 $2 {[%eval
215,0] Mistake. Rf8 was best.} (26... Rf8 27. Rd4 Bf5 28. g4 Be6 29. b4 h5 30.
Rxe4 Bd5 31. Rd4 Bc6 32. gxh5 gxh5 33. Ng3) 27. Rc1 {[%eval 229,0]} Rf8 {
[%eval 215,0]} 28. Rc7+ {[%eval 197,0]} Kg8 {[%eval 219,0]} 29. Rd4 $6 {
[%eval 115,0] Inaccuracy. Rxf8+ was best.} (29. Rxf8+ Kxf8 30. Rxh7 bxa5 31.
Nd4 Kg8 32. Rc7 Bf5 33. Rc5 a4 34. bxa4 Bd7 35. a5 Kf8) 29... Be6 {[%eval 97,0]
} 30. b4 {[%eval 85,0]} bxa5 {[%eval 99,0]} 31. Rxe4 {[%eval 49,0]} Rf7 {
[%eval 5,0]} 32. Rxf7 {[%eval 48,0]} Kxf7 {[%eval 61,0]} 33. bxa5 {[%eval 6,0]}
Rc8 {[%eval 5,0]} 34. Rb4 {[%eval 45,0]} Rc7 {[%eval 42,0]} 35. f3 {[%eval 53,
0]} Kf6 {[%eval 53,0]} 36. Nd4 {[%eval 31,0]} Bc4 {[%eval 35,0]} 37. f4 {
[%eval 15,0]} g5 {[%eval 56,0]} 38. fxg5+ {[%eval 37,0]} Kxg5 {[%eval 3,0]} 39.
a6 {[%eval 16,0]} Rc8 {[%eval 45,0]} 40. Rb7 {[%eval 37,0]} Bxa6 $4 {[%eval
246,0] Blunder. Rd8 was best.} (40... Rd8) 41. Rxh7 {[%eval 189,0]} 1-0

[Event "37th Reykjavik op"]
[Site "Reykjavik ISL"]
[Date "2024.03.21"]
[Round "9.33"]
[White "Ruiz Buendia, Miguel"]
[Black "Beisteiner, Joachim"]
[WhiteElo "2366"]
[BlackElo "2079"]
[Result "1-0"]
[EventDate "2024.03.15"]
[PlyCount "77"]

1. e4 {[%eval 13,0]} e5 {[%eval 17,0]} 2. Nf3 {[%eval 21,0]} Nc6 {[%eval 13,0]}
3. Bb5 {[%eval 21,0]} a6 {[%eval 2,0]} 4. Ba4 {[%eval 31,0]} Nf6 {[%eval 14,0]}
5. O-O {[%eval 24,0]} d6 {[%eval 43,0]} 6. c3 {[%eval 43,0]} Bd7 {[%eval 53,0]}
7. d4 {[%eval 35,0]} g6 {[%eval 57,0]} 8. Re1 {[%eval 57,0]} Bg7 {[%eval 56,0]}
9. Nbd2 {[%eval 53,0]} O-O {[%eval 45,0]} 10. Nf1 {[%eval 9,0]} exd4 {[%eval 5,
0]} 11. cxd4 {[%eval 1,0]} b5 {[%eval 18,0]} 12. Bc2 {[%eval 35,0]} Bg4 {
[%eval 28,0]} 13. Ng3 {[%eval 45,0]} Nd7 {[%eval 47,0]} 14. Be3 {[%eval 46,0]}
Qf6 {[%eval 48,0]} 15. Ne2 {[%eval 44,0]} Bxf3 {[%eval 42,0]} 16. gxf3 {
[%eval 4,0]} Qxf3 {[%eval 5,0]} 17. Nc3 $6 {[%eval -44,0] Inaccuracy. Rc1 was
best.} (17. Rc1 Nb4 18. Bb1 c5 19. Ng3 Qxd1 20. Rexd1 Rfd8 21. Ne2 Nc6 22. dxc5
dxc5 23. b3 Bb2) 17... Qh3 {[%eval -51,0]} 18. Bd3 $2 {[%eval -265,0] Mistake.
Kh1 was best.} (18. Kh1 Nb6 19. Rg1 Rae8 20. a4 Nc4 21. Rg3 Qd7 22. axb5 axb5
23. Nxb5 Nb4 24. Ba4 c6) 18... Nf6 $4 {[%eval 73,0] Blunder. Nxd4 was best.} (
18... Nxd4 19. Bxd4 Bxd4 20. Bf1 Bxf2+ 21. Kxf2 Qxh2+ 22. Bg2 f5 23. e5 Nxe5
24. Qb3+ Kh8 25. Nd5) 19. Bf1 {[%eval 91,0]} Qh4 {[%eval 95,0]} 20. f3 {
[%eval -89,0]} Nh5 $6 {[%eval 2,0] Inaccuracy. Nd8 was best.} (20... Nd8 21.
Qd2 Ne6 22. d5 Nc5 23. Ne2 Nfd7 24. Ng3 Qf6 25. b4 Ne5 26. Be2 Ncd3 27. Rf1)
21. Qd2 {[%eval 22,0]} Na5 $4 {[%eval 342,0] Blunder. h6 was best.} (21... h6
22. Nd5) 22. Bg5 {[%eval 339,0]} Bxd4+ {[%eval 372,0]} 23. Kg2 {[%eval 377,0]}
Nf4+ {[%eval 376,0]} 24. Bxf4 {[%eval 366,0]} c5 {[%eval 367,0]} 25. Nd5 {
[%eval 358,0]} Qd8 {[%eval 307,0]} 26. Bh6 {[%eval 346,0]} Re8 {[%eval 348,0]}
27. Bg5 {[%eval 347,0]} f6 {[%eval 339,0]} 28. Nxf6+ $6 {[%eval 243,0]
Inaccuracy. Bf4 was best.} (28. Bf4 Nc6 29. Kh1 Kh8 30. Rad1 Ra7 31. b4 Rf7 32.
Bg2 a5 33. a3 Ne5 34. Qa2 Nc4) 28... Bxf6 {[%eval 242,0]} 29. Bxf6 {[%eval 262,
0]} Qxf6 {[%eval 255,0]} 30. Qxa5 {[%eval 245,0]} Qxb2+ {[%eval 243,0]} 31. Kh1
{[%eval 248,0]} Qf6 {[%eval 207,0]} 32. Be2 $6 {[%eval 164,0] Inaccuracy. Rad1
was best.} (32. Rad1 c4 33. Bh3 Re5 34. Rf1 Rd8 35. Qxa6 c3 36. f4 Rh5 37. Bg4
Rc5 38. Qb7 Rf8) 32... d5 {[%eval 177,0]} 33. a4 {[%eval 153,0]} dxe4 {[%eval
142,0]} 34. axb5 $2 {[%eval 15,0] Mistake. Rf1 was best.} (34. Rf1 Rf8) 34...
exf3 $2 {[%eval 159,0] Mistake. axb5 was best.} (34... axb5) 35. Bc4+ {[%eval
148,0]} Kh8 $2 {[%eval 298,0] Mistake. Kg7 was best.} (35... Kg7 36. Rxe8 Rxe8
37. Qxa6 Qf4 38. Bf1 Kh6 39. Qa3 Re3 40. Qa4 Qg5 41. Qa8 Qf6 42. Rd1) 36. Rxe8+
{[%eval 293,0]} Rxe8 {[%eval 309,0]} 37. Qxa6 {[%eval 311,0]} Qd4 {[%eval 305,
0]} 38. Bf1 {[%eval 327,0]} Re5 $4 {[%eval 32760,0] Checkmate is now
unavoidable. f2 was best.} (38... f2 39. Qc6 Re7 40. Ra3 Kg7 41. Kg2 Rf7 42. h3
Rf5 43. Rg3 Kh6 44. Rg4 Qe5 45. Qe4) 39. Qf6+ 1-0

[Event "37th Reykjavik op"]
[Site "Reykjavik ISL"]
[Date "2024.03.21"]
[Round "9.34"]
[White "Ptacnikova, Lenka"]
[Black "Lohia, Sohum"]
[WhiteElo "2067"]
[BlackElo "2354"]
[Result "0-1"]
[EventDate "2024.03.15"]
[PlyCount "118"]

1. d4 {[%eval 17,0]} Nf6 {[%eval 16,0]} 2. Nc3 {[%eval 0,0]} d5 {[%eval 3,0]}
3. Bf4 {[%eval 0,0]} e6 {[%eval 0,0]} 4. Nb5 {[%eval 0,0]} Na6 {[%eval 0,0]} 5.
e3 {[%eval 0,0]} Be7 {[%eval 1,0]} 6. Nf3 {[%eval 0,0]} O-O {[%eval 0,0]} 7.
Ne5 {[%eval 32,0]} Ne4 {[%eval 34,0]} 8. f3 {[%eval 24,0]} Nf6 {[%eval 22,0]}
9. g4 {[%eval 51,0]} Nd7 {[%eval 47,0]} 10. Qd2 {[%eval 36,0]} c6 {[%eval 47,0]
} 11. Nc3 {[%eval 49,0]} Nxe5 {[%eval 28,0]} 12. Bxe5 {[%eval 35,0]} Nb8 {
[%eval 4,0]} 13. a3 {[%eval 52,0]} b6 {[%eval 5,0]} 14. Bg3 {[%eval 17,0]} c5 {
[%eval 19,0]} 15. Bg2 {[%eval 72,0]} Nc6 {[%eval 71,0]} 16. O-O {[%eval -74,0]}
cxd4 {[%eval -74,0]} 17. exd4 {[%eval -72,0]} Nxd4 {[%eval -72,0]} 18. Rad1 {
[%eval -55,0]} Ba6 {[%eval -52,0]} 19. Rfe1 {[%eval -56,0]} Nb5 {[%eval -48,0]}
20. Nxb5 {[%eval -94,0]} Bxb5 {[%eval -59,0]} 21. f4 {[%eval -58,0]} Re8 {
[%eval -64,0]} 22. f5 {[%eval -63,0]} Bc5+ $6 {[%eval 71,0] Inaccuracy. Rc8
was best.} (22... Rc8 23. Kh1 Bf6 24. fxe6 fxe6 25. Qf2 Bg5 26. c3 Rf8 27. Qd4
Bf6 28. Qb4 Bd7 29. h3) 23. Kh1 {[%eval 78,0]} Rc8 {[%eval 76,0]} 24. Qf4 {
[%eval -86,0]} Qf6 {[%eval -84,0]} 25. c3 {[%eval -44,0]} Rcd8 {[%eval -51,0]}
26. g5 {[%eval -23,0]} Qxf5 {[%eval -39,0]} 27. Qxf5 {[%eval -191,0]} exf5 {
[%eval -13,0]} 28. Rxe8+ {[%eval -25,0]} Bxe8 {[%eval -24,0]} 29. Rxd5 {
[%eval -199,0]} Rxd5 {[%eval -4,0]} 30. Bxd5 {[%eval -184,0]} Be3 {[%eval -191,
0]} 31. Bb8 {[%eval -194,0]} a5 {[%eval -12,0]} 32. b4 {[%eval -151,0]} axb4 {
[%eval -146,0]} 33. axb4 {[%eval -159,0]} Bxg5 {[%eval -196,0]} 34. Bd6 {
[%eval -107,0]} b5 {[%eval -148,0]} 35. c4 $6 {[%eval -272,0] Inaccuracy. Kg2
was best.} (35. Kg2 Bd8 36. c4 bxc4 37. Bxc4 Bc6+ 38. Kg3 g5 39. b5 Be4 40. h4
h6 41. Be5 Kf8) 35... bxc4 {[%eval -272,0]} 36. Bxc4 {[%eval -281,0]} Bc6+ {
[%eval -287,0]} 37. Kg1 {[%eval -267,0]} Be3+ {[%eval -277,0]} 38. Kf1 {
[%eval -295,0]} Bb6 {[%eval -142,0]} 39. Ke2 $6 {[%eval -267,0] Inaccuracy. h4
was best.} (39. h4 g6 40. Ke2 Be4 41. b5 Kg7 42. Be5+ Kf8 43. Bg3 Ke7 44. Bf4
Bd4 45. h5 gxh5) 39... g5 {[%eval -267,0]} 40. Be7 {[%eval -247,0]} g4 {
[%eval -267,0]} 41. Bd6 {[%eval -238,0]} Kg7 {[%eval -239,0]} 42. Ba6 {[%eval
-214,0]} h5 {[%eval -231,0]} 43. Bg3 {[%eval -231,0]} Kf6 {[%eval -295,0]} 44.
b5 {[%eval -394,0]} Bf3+ {[%eval -393,0]} 45. Ke1 {[%eval -395,0]} Kg5 {
[%eval -206,0]} 46. h4+ $2 {[%eval -633,0] Mistake. Bf2 was best.} (46. Bf2 Bc7
47. Bg1 Be4 48. b6 Bb8 49. Ke2 f4 50. Bc5 g3 51. Be7+ Kg4 52. hxg3 fxg3) 46...
gxh3 {[%eval -635,0]} 47. Bh2 {[%eval -653,0]} Be3 {[%eval -549,0]} 48. Kf1 {
[%eval -543,0]} Kg4 {[%eval -586,0]} 49. Bc8 {[%eval -416,0]} Bf4 {[%eval -592,
0]} 50. Kg1 {[%eval -408,0]} Be3+ {[%eval -439,0]} 51. Kf1 {[%eval -424,0]} Be4
{[%eval -463,0]} 52. Ke2 $6 {[%eval -694,0] Inaccuracy. Bd7 was best.} (52. Bd7
Bg2+ 53. Ke2 Bb6 54. Bd6 Bg1 55. b6 Bxb6 56. Bh2 Kg5 57. Be8 f6 58. Kd3 Kg4)
52... Bf4 {[%eval -699,0]} 53. Bxf4 {[%eval -593,0]} Kxf4 {[%eval -556,0]} 54.
b6 {[%eval -564,0]} h2 {[%eval -556,0]} 55. b7 {[%eval -429,0]} h1=Q {[%eval
-575,0]} 56. b8=Q+ {[%eval -558,0]} Kg4 {[%eval -589,0]} 57. Qb4 {[%eval -613,
0]} Qf3+ {[%eval -658,0]} 58. Kd2 {[%eval -668,0]} Qf4+ {[%eval -579,0]} 59.
Kc3 {[%eval -406,0]} Qc1+ 0-1

[Event "37th Reykjavik op"]
[Site "Reykjavik ISL"]
[Date "2024.03.21"]
[Round "9.35"]
[White "Franco, Gaston"]
[Black "Moksh Amit, Doshi"]
[WhiteElo "2021"]
[BlackElo "2353"]
[Result "1-0"]
[EventDate "2024.03.15"]
[PlyCount "79"]

1. e4 {[%eval 13,0]} c5 {[%eval 33,0]} 2. Nf3 {[%eval 22,0]} e6 {[%eval 41,0]}
3. d4 {[%eval 42,0]} cxd4 {[%eval 26,0]} 4. Nxd4 {[%eval 4,0]} Nc6 {[%eval 37,
0]} 5. Nc3 {[%eval 33,0]} Qc7 {[%eval 4,0]} 6. Be2 {[%eval 14,0]} a6 {[%eval
39,0]} 7. O-O {[%eval 19,0]} Nf6 {[%eval 28,0]} 8. Kh1 {[%eval 9,0]} Nxd4 {
[%eval 9,0]} 9. Qxd4 {[%eval 11,0]} Bc5 {[%eval 13,0]} 10. Qd3 {[%eval 14,0]}
b5 {[%eval 15,0]} 11. f4 {[%eval 12,0]} b4 {[%eval 62,0]} 12. Na4 {[%eval 5,0]}
Ba7 {[%eval 91,0]} 13. e5 {[%eval 72,0]} Nd5 {[%eval 73,0]} 14. Bf3 $6 {
[%eval 9,0] Inaccuracy. c4 was best.} (14. c4 bxc3 15. bxc3 O-O 16. c4 Nb4 17.
Qd1 Rb8 18. Rb1 Nc6 19. Rxb8 Qxb8 20. Ba3 Nb4) 14... Bb7 {[%eval 12,0]} 15. c4
{[%eval 1,0]} Ne7 $6 {[%eval 52,0] Inaccuracy. bxc3 was best.} (15... bxc3 16.
Nxc3 Nxc3 17. bxc3 Bxf3 18. Rxf3 O-O 19. Qxa6 Rfc8 20. Qd3 Bc5 21. Be3 Bxe3 22.
Qxe3) 16. Be3 {[%eval 36,0]} Bxf3 {[%eval 43,0]} 17. Rxf3 {[%eval 34,0]} Bxe3 {
[%eval 41,0]} 18. Qxe3 {[%eval 36,0]} O-O {[%eval 61,0]} 19. Qc5 {[%eval 61,0]}
Nc6 {[%eval 68,0]} 20. Rd1 {[%eval 75,0]} f6 {[%eval 52,0]} 21. Nb6 {[%eval 46,
0]} Rad8 {[%eval 65,0]} 22. Rfd3 {[%eval 62,0]} Rf7 $4 {[%eval 303,0] Blunder.
fxe5 was best.} (22... fxe5 23. Nxd7 Rxf4 24. Nf6+ Kf7 25. Rxd8 Qxd8 26. Nd7
Rd4 27. Nxe5+ Kg8 28. Rxd4 Nxd4 29. h3) 23. f5 {[%eval 315,0]} Re8 {[%eval 305,
0]} 24. exf6 $2 {[%eval 186,0] Mistake. Rxd7 was best.} (24. Rxd7 Rxd7 25. Nxd7
fxe5 26. fxe6 Qc8 27. Rd6 Ne7 28. Qxc8 Rxc8 29. Nxe5 g5 30. b3 Rc5) 24... Qe5 {
[%eval 188,0]} 25. Nxd7 {[%eval 159,0]} Qxc5 {[%eval 188,0]} 26. Nxc5 {[%eval
198,0]} exf5 {[%eval 192,0]} 27. fxg7 {[%eval 191,0]} a5 {[%eval 223,0]} 28.
Kg1 {[%eval 217,0]} Kxg7 {[%eval 226,0]} 29. Rg3+ {[%eval 217,0]} Kh8 {[%eval
232,0]} 30. Rd6 {[%eval 227,0]} Ne5 {[%eval 212,0]} 31. Re3 {[%eval 204,0]}
Rfe7 {[%eval 207,0]} 32. b3 {[%eval 225,0]} Kg8 {[%eval 235,0]} 33. Kf1 {
[%eval 241,0]} Kf7 {[%eval 246,0]} 34. h3 {[%eval 203,0]} Kg7 {[%eval 273,0]}
35. Nd3 {[%eval 257,0]} Nxd3 {[%eval 267,0]} 36. Rxe7+ {[%eval 254,0]} Rxe7 {
[%eval 264,0]} 37. Rxd3 {[%eval 221,0]} Re5 $6 {[%eval 336,0] Inaccuracy. a4
was best.} (37... a4 38. Kf2 Ra7 39. Kf3 Kf7 40. Kf4 Ke6 41. c5 Ra5 42. Rd6+
Ke7 43. Rd5 axb3 44. axb3) 38. Kf2 {[%eval 338,0]} Kf6 {[%eval 318,0]} 39. Kf3
{[%eval 272,0]} Kf7 $2 {[%eval 493,0] Mistake. Re1 was best.} (39... Re1 40.
Rd6+ Kg5 41. c5 Rf1+ 42. Ke3 f4+ 43. Ke4 Re1+ 44. Kd5 Re2 45. c6 Rc2 46. Ke6)
40. Rd5 {[%eval 472,0]} 1-0

[Event "37th Reykjavik op"]
[Site "Reykjavik ISL"]
[Date "2024.03.21"]
[Round "9.36"]
[White "Bjorn, Thorfinnsson"]
[Black "Fossheim, Yngve"]
[WhiteElo "2353"]
[BlackElo "2090"]
[Result "1-0"]
[EventDate "2024.03.15"]
[PlyCount "71"]

1. d4 {[%eval 17,0]} Nf6 {[%eval 16,0]} 2. Nf3 {[%eval 12,0]} g6 {[%eval 21,0]}
3. Bg5 {[%eval 11,0]} Bg7 {[%eval 5,0]} 4. e3 {[%eval 13,0]} d6 {[%eval 9,0]}
5. Bd3 {[%eval 0,0]} O-O {[%eval 2,0]} 6. c3 {[%eval 0,0]} Nbd7 {[%eval 27,0]}
7. Nbd2 {[%eval 9,0]} e5 {[%eval 39,0]} 8. O-O {[%eval 15,0]} Qe8 {[%eval 42,0]
} 9. Qc2 {[%eval 25,0]} h6 {[%eval 21,0]} 10. Bh4 {[%eval 21,0]} a6 {[%eval 27,
0]} 11. a4 {[%eval 33,0]} b6 {[%eval 38,0]} 12. Rfd1 {[%eval 28,0]} Bb7 {
[%eval 25,0]} 13. Bxf6 {[%eval 16,0]} Bxf6 {[%eval 0,0]} 14. dxe5 {[%eval 16,0]
} Nxe5 {[%eval 21,0]} 15. Nxe5 {[%eval 2,0]} Qxe5 {[%eval 17,0]} 16. Be4 {
[%eval 18,0]} d5 {[%eval 17,0]} 17. Bf3 {[%eval 27,0]} c5 {[%eval 9,0]} 18. Nc4
{[%eval 18,0]} dxc4 $4 {[%eval 228,0] Blunder. Qe6 was best.} (18... Qe6 19. a5
b5 20. Nb6 Rad8 21. Qd2 d4 22. Bxb7 dxc3 23. Qc2 cxb2 24. Rab1 Rxd1+ 25. Rxd1)
19. Bxb7 {[%eval 226,0]} Ra7 {[%eval 203,0]} 20. Bd5 {[%eval 225,0]} Kg7 {
[%eval 212,0]} 21. Bxc4 {[%eval 222,0]} Qb8 {[%eval 233,0]} 22. Qe2 {[%eval
246,0]} a5 {[%eval 205,0]} 23. Rd3 {[%eval 203,0]} Rd8 {[%eval 235,0]} 24. Rad1
{[%eval 232,0]} Rxd3 {[%eval 229,0]} 25. Rxd3 {[%eval 221,0]} Re7 {[%eval 234,
0]} 26. Qf3 {[%eval 241,0]} Be5 {[%eval 236,0]} 27. g3 {[%eval 234,0]} h5 {
[%eval 203,0]} 28. Qd5 {[%eval 234,0]} Qb7 $6 {[%eval 376,0] Inaccuracy. Bc7
was best.} (28... Bc7 29. Kg2 Qc8 30. h3 Qe8 31. Bb5 Qf8 32. Qc6 Qc8 33. Bc4
Qf5 34. Qd5 Qc8 35. f4) 29. Qxb7 {[%eval 375,0]} Rxb7 {[%eval 375,0]} 30. f4 {
[%eval 368,0]} Bb8 {[%eval 442,0]} 31. Rd8 {[%eval 458,0]} Ba7 {[%eval 439,0]}
32. Bd5 {[%eval 431,0]} Re7 {[%eval 403,0]} 33. e4 {[%eval 426,0]} Kf6 {
[%eval 491,0]} 34. e5+ {[%eval 488,0]} Kg7 {[%eval 476,0]} 35. h4 {[%eval 456,
0]} f6 $6 {[%eval 693,0] Inaccuracy. c4 was best.} (35... c4 36. Kf1 Rc7 37.
Ke2 Re7 38. Kf3 b5 39. axb5 a4 40. Rd6 Bc5 41. Rc6 Bg1 42. Bxc4) 36. Rg8+ 1-0